00541nam a2200181Ia 4500008004100000020001500041082001700056100003400073245004300107250000600150260002700156300000800183500002400191650001600215942000700231952010600238999001500344230524s9999 xx 000 0 und d a8187433272 a621.382bCHH aBhupendra Singh Chhabra95242 0aDigital Electronics and Microprocessor a* aNEW DELHIbDhanpat Rai a526 aQuantity Number: 1 aElectronics cBK 00104070aTATCLbTATCLcGENd2023-05-24l0o621.382 CHHp6501r2023-05-24w2023-05-24yBKzCPEC5203 c7591d7591